[Event "Crotone Province-ch 11"]
[Site "Crotone"]
[Date "2010.11.28"]
[Round "6"]
[White "Chiofalo, Gianfranco"]
[Black "Campagna, Angelo"]
[Result "0-1"]
[WhiteElo "1510"]
[BlackElo "1679"]
[PlyCount "156"]
[EventDate "2010.11.20"]
[EventType "swiss"]
[EventRounds "6"]
[EventCountry "ITA"]
[SourceTitle "EXT 2024"]
[Source "ChessBase"]
[SourceDate "2023.10.10"]
[SourceVersion "1"]
[SourceVersionDate "2023.10.10"]
[SourceQuality "1"]

1. e4 e5 2. Nf3 Nc6 3. Bb5 d6 4. d3 Be7 5. Nc3 a6 6. Ba4 b5 7. Bb3 Na5 8. Bd5 c6 9. Bb3 Nxb3 10. axb3 Bg4 11. h3 Bh5 12. Qe2 Nf6 13. Bg5 h6 14. Bxf6 Bxf6 15. Qe3 Bxf3 16. Qxf3 0-0 17. 0-0 Qd7 18. Ne2 Bg5 19. Ng3 d5 20. Nf5 Kh7 21. h4 Bf6 22. Rad1 g6 23. Ne3 d4 24. Qxf6 dxe3 25. fxe3 Rae8 26. Kf2 Re6 27. Qf3 Qe7 28. Ke2 Qxh4 29. Rh1 Qg5 30. Rdg1 f5 31. Rh3 f4 32. g3 Qf6 33. exf4 exf4 34. g4 Qxb2 35. Kd2 b4 36. Re1 g5 37. Qf2 Qc3+ 38. Kd1 c5 39. Qh2 Qd4 40. Ke2 Ref6 41. Rh1 Qd6 42. Kf3 Re8 43. Re1 Rfe6 44. Rh5 Rg6 45. Qf2 Rge6 46. Qh2 Re5 47. Rh1 R8e6 48. Qf2 Qc6 49. Re1 a5 50. Rhh1 Qb6 51. Ra1 Qd8 52. Ra2 Ra6 53. Rd1 Qe8 54. Rd2 a4 55. bxa4 Rxa4 56. Rxa4 Qxa4 57. d4 cxd4 58. Qxd4 Re7 59. e5 Qc6+ 60. Qe4+ Qxe4+ 61. Kxe4 Kg7 62. Rd6 Rc7 63. Kd3 Rc3+ 64. Kd2 Re3 65. e6 Kf6 66. e7+ Kxe7 67. Rxh6 Re5 68. Rh3 Kd6 69. Kd3 Kc5 70. Rf3 Rd5+ 71. Ke2 Kc4 72. Rb3 Re5+ 73. Kd2 Re4 74. Rf3 Re3 75. Rf2 Rg3 76. Ke2 Rxg4 77. Kf3 Rg3+ 78. Ke4 Kc3 0-1